000 00291nam a22001337a 4500
008 170426b xxu||||| |||| 00| 0 eng d
020 _a9780136002864
041 _aeng
080 _a54
100 _a12
101 _aSHM
245 _aLABORATORY EXPERIMENTS
_cNELSON.J
942 _2udc
_cBK
999 _c12062
_d12062